000 00384cam a2200145ua 4500
041 _aeng
_h
082 _a823.308
_bSPY/AL
100 _aSpyri, Johanna .
245 _aAll Alone in the world: The story of rice and Wiselies way /
_cSpry.
_hTextual Documents
260 _a :
_bDeut pennant books ,
_c1963.
300 _a172 ; .
504 _a
942 _cBK
999 _c11398
_d11398